La espiral de la traición de Solzhenitsin / (Record no. 22330)
[ view plain ]
| 000 -CABECERA | |
|---|---|
| campo de control de longitud fija | 00752nam a2200205 a 4500 |
| 001 - NÚMERO DE CONTROL | |
| campo de control | 000022833 |
| 005 - FECHA Y HORA DE LA ÚLTIMA TRANSACCIÓN | |
| campo de control | 20200930021826.0 |
| 008 - DATOS DE LONGITUD FIJA--INFORMACIÓN GENERAL | |
| campo de control de longitud fija | 101119s1979 cu r 000 0 spa d |
| 040 ## - FUENTE DE LA CATALOGACIÓN | |
| Centro catalogador/agencia de origen | DO-SdBNP |
| Lengua de catalogación | spa |
| Centro/agencia transcriptor | BNPHU |
| 082 ## - NÚMERO DE LA CLASIFICACIÓN DECIMAL DEWEY | |
| Número de clasificación | 928.9173 |
| Número de documento/Ítem | S692r |
| 049 ## - FONDOS LOCALES (OCLC) | |
| Fondos de biblioteca | BNGR |
| 100 1# - ENTRADA PRINCIPAL--NOMBRE DE PERSONA | |
| Nombre de persona | Rezac, Tomás, |
| Fechas asociadas al nombre | 1935- |
| 9 (RLIN) | 46922 |
| 245 10 - MENCIÓN DE TÍTULO | |
| Título | La espiral de la traición de Solzhenitsin / |
| Mención de responsabilidad, etc. | Tomás Rezac; traducción de Ernesto López Aparicio ; edición, Evaristo García. |
| 260 ## - PUBLICACIÓN, DISTRIBUCIÓN, ETC. | |
| Lugar de publicación, distribución, etc. | La Habana, Cuba : |
| Nombre del editor, distribuidor, etc. | Arte y literatura, |
| Fecha de publicación, distribución, etc. | 1979. |
| 300 ## - DESCRIPCIÓN FÍSICA | |
| Extensión | 307, [4] p. ; |
| Dimensiones | 20 cm. |
| 600 14 - PUNTO DE ACCESO ADICIONAL DE MATERIA--NOMBRE DE PERSONA | |
| Nombre de persona | SOLZHENITSYN, ALESANDR, |
| Fechas asociadas al nombre | 1918-2008 |
| Subdivisión general | BIOGRAFÍA |
| 9 (RLIN) | 46923 |
| 650 #4 - PUNTO DE ACCESO ADICIONAL DE MATERIA--TÉRMINO DE MATERIA | |
| Término de materia o nombre geográfico como elemento de entrada | Autores estadounidense |
| 9 (RLIN) | 46924 |
| 700 1# - PUNTO DE ACCESO ADICIONAL--NOMBRE DE PERSONA | |
| Nombre de persona | López Aparicio, Ernesto |
| Término indicativo de función/relación | tr. |
| 9 (RLIN) | 46925 |
| 700 1# - PUNTO DE ACCESO ADICIONAL--NOMBRE DE PERSONA | |
| Nombre de persona | García, Evaristo |
| Término indicativo de función/relación | ed. |
| 9 (RLIN) | 9780 |
| Estado de retiro | Estado de pérdida | Restricciones de uso | No para préstamo | Código de colección | Localización permanente | Ubicación/localización actual | Ubicación en estantería | Fecha de adquisición | Número de inventario | Total de préstamos | Signatura topográfica completa | Código de barras | Fecha visto por última vez | Precio válido a partir de | Tipo de ítem Koha |
|---|---|---|---|---|---|---|---|---|---|---|---|---|---|---|---|
| Monografías: Libros y Folletos | General | General | En catalogación | 19.11.2010 | LF1 | 928.9173 S692r | 22833-10 | 25.06.2020 | 25.06.2020 | Préstamo en sala |
